01166nam a22003134a 4500001001100000003000800011006001900019007001500038008004100053010001700094020002200111040002100133035002000154050002700174082001800201100001900219245008400238260005200322300002300374500002000397533015200417630002800569650003900597650003000636655002900666710001700695856012500712999001500837ebr5003059CaPaEBRm u cr cn|||||||||010530s2001 azua s 001 0 eng  z 2001037171 z1588801284 (pbk.) aCaPaEBRcCaPaEBR a(OCoLC)7076709414aQA76.73.B3bV58 2001eb04a005.2/7682211 aVitter, David.10aDesigning Visual Basic.NET applicationsh[electronic resource] /cDavid Vitter. aScottsdale, AZ :bCoriolis Group Books,cc2001. axx, 524 p. :bill. aIncludes index. aElectronic reproduction.bPalo Alto, Calif. :cebrary,d2013.nAvailable via World Wide Web.nAccess may be limited to ebrary affiliated libraries.00aMicrosoft Visual BASIC. 0aApplication softwarexDevelopment. 0aMicrosoft .NET Framework. 7aElectronic books.2local2 aebrary, Inc.40uhttp://site.ebrary.com/lib/rucke/Doc?id=5003059zAn electronic book accessible through the World Wide Web; click to view c1781d1781